000 00678nam a2200241Ia 4500
003 OSt
005 20220925205803.0
006 a|||||r|||| 00| 0
007 ta
008 220923b |||||||| |||| 00| 0 eng d
037 _cGeneral Book
040 _aRTL
_cRTL
_beng
041 _2eng
_aeng
082 _aX:89MA1.73.N7, M1
100 _aScobel Donald N
_9138026
245 0 _aCreative worklife
260 _aHouston
_bGulf
_c1981
300 _axviii, 244p
_ccm.
490 _aBuilding blooks of human potential series
650 _aWork Study
_9234105
942 _hX:89MA1.73.N7, M1
_cGB
_2CC
999 _c553197
_d553197